000
00248nam a22000857a 4500
008
161130b xxu||||| |||| 00| 0 eng d
100
_9
1627
_a
Banerjee,A., etal
245
_a
Interactions in English- Main Course III
260
_a
New Delhi
_b
Frank Bro.
_c
2005
999
_c
4340
_d
4340